Francúzsko-slovenský a slovensko-francúzsky vreckový slovník

Gespeichert in:
Bibliographische Detailangaben
1. Verfasser: Gründlerová, Viera
Weitere Verfasser: Liščáková, Irena
Format: Buch
Sprache:Slowakisch
Französisch
Veröffentlicht: Bratislava Kniha-spoločník 1993
Ausgabe:1. vyd.
Tags: Tag hinzufügen
Keine Tags, Fügen Sie das erste Tag hinzu!

MARC

LEADER 00000nam a2200000 4500
001 c003855
005 20221214082115.8
020 |a 80-901160-1-9 
041 0 |a slo 
041 0 |a fre 
044 |a SK 
245 1 0 |a Francúzsko-slovenský a slovensko-francúzsky vreckový slovník  |c Viera Gründlerová, Irena Liščáková 
250 |a 1. vyd. 
264 1 |a Bratislava  |b Kniha-spoločník  |c 1993 
300 |a 800 s. 
100 1 |a Gründlerová, Viera 
700 1 |a Liščáková, Irena